| 000 | 01299nam a2200289 i 4500 | ||
|---|---|---|---|
| 001 | 182701 | ||
| 003 | ES-MaACL | ||
| 005 | 20250824202555.0 | ||
| 007 | qu | ||
| 008 | 131010s1872 sp |||| | spa d | ||
| 080 | _a821.134.2-1"14" | ||
| 130 | 0 |
_aCancionero de Stúñiga. _9153645 |
|
| 245 | 1 | 0 |
_aCancionero de Lope de Stúñiga _b: códice del siglo XV ahora por primera vez publicado. |
| 260 |
_aMadrid : _bImp. y estereotipia de M. Rivadeneyra, _c1872. |
||
| 300 |
_aXLII, 483 p. : _bfacs. ; _c18 cm. |
||
| 490 | 1 |
_aColección de libros españoles raros o curiosos ; _vt. 4 |
|
| 500 | _aEn cub.: "Véndese en la Librería de Durán, Carrera de San Jerónimo" | ||
| 504 | _aNotas bibliográficas: p. 405-460. | ||
| 530 | _aDisponible en formato digital. | ||
| 581 | 8 | _aRecopilación de poesías de los trovadores que acompañaron a Alfonso V de Aragón a la corte de Nápoles. | |
| 597 | _aReprod. facsímil del poema Montanna de dyamantes de Johan de Tapia. | ||
| 650 | 4 |
_aPoesías españolas- _yHasta S.XV. _9152332 |
|
| 830 | 0 | 0 |
_aColección de libros españoles raros o curiosos _vt. 4 _9187911 |
| 852 |
_aES-MaACL _jR-2170-91.Olim: G-13953. |
||
| 856 |
_uhttps://archive.org/details/cancionerodelop00stgoog/page/n9 _zInternet Archive |
||
| 999 |
_c182701 _d182701 |
||